Unternehmensbewertung und Komplexitätsreduktion

Salvato in:
Dettagli Bibliografici
Autore principale: Ballwieser, Wolfgang
Natura: Libro
Lingua:tedesco
Pubblicazione: Wiesbaden Gabler 1983
Edizione:1. Aufl.
Soggetti:
Tags: Aggiungi Tag
Nessun Tag, puoi essere il primo ad aggiungerne!!

MARC

LEADER 00000nam a2200000 4500
001 c000027
005 20221220091002.6
020 |a 3-409-39003-0 
041 0 |a ger 
044 |a DE 
245 1 0 |a Unternehmensbewertung und Komplexitätsreduktion  |c Wolfgang Ballwieser 
250 |a 1. Aufl. 
264 1 |a Wiesbaden  |b Gabler  |c 1983 
300 |a 220 s. 
610 2 0 |a oceňovanie ekonomické 
610 2 0 |a efektívnosť ekonomická 
610 2 0 |a komplexita 
610 2 0 |a podnik 
610 2 0 |a plánovanie 
610 2 0 |a prognózy 
100 1 |a Ballwieser, Wolfgang